| 000 | 00911nam a2200229Ia 4500 | ||
|---|---|---|---|
| 003 | GCL | ||
| 008 | 140319s9999 xx 000 0 ara d | ||
| 040 |
_aGCL / _cGCL |
||
| 082 | 0 | 4 |
_aق _b320.956 _bر ع |
| 100 | 1 | _aرشاد كامل | |
| 245 | 1 | 0 |
_aعبدالناصر فى تل ابيب : القصة الكاملة لمشاريع التفاوض مع اسرائيل / _cرشاد كامل |
| 250 | _aالاولى | ||
| 260 |
_aالقاهرة : _bالجداوى للنشر ، _c1991 |
||
| 300 |
_a248 ص ؛ _c24سم |
||
| 650 | 0 | 4 | _aالنزاع العربى الاسرائيلى |
| 650 | 0 | 4 | _aاسرائيل |
| 650 | 0 | 4 | _aمصر - تاريخ - العصر الحديث - جمال عبدالناصر ( 1954-1970 ) |
| 650 | 0 | 4 | _aجمال عبدالناصر |
| 650 | 0 | 4 | _aمصر - الاحوال السياسية |
| 650 | 0 | 4 | _aمصر - العلاقات الخارجية - اسرائيل |
| 942 |
_2ddc _cBK |
||
| 999 |
_c31274 _d31274 |
||